Observaciones legales, históricas y críticas sobre el Concordato celebrado entre Benedicto XIV y el rey católico D. Fernando VI en 20 de febrero de 1753 uno de los principales que rigen hoy las relaciones entre el Estado y la Iglesia / (Record no. 159227)

MARC details
000 -LEADER
campo de control de longitud fija 01134nam a22002535i 4500
001 - NÚMERO DE CONTROL
campo de control 159227
003 - IDENTIFICADOR DE NÚMERO DE CONTROL
campo de control ES-MaACL
005 - FECHA Y HORA DE LA ÚLTIMA TRANSACCIÓN
campo de control 20230906211512.0
008 - DATOS DE LONGITUD FIJA--INFORMACIÓN GENERAL
campo de control de longitud fija 940202s1847 sp |||| | spa d
040 ## - FUENTE DE CATALOGACIÓN
Centro catalogador/agencia de origen CAM
Lengua de catalogación spa
080 ## - NÚMERO DE LA CLASIFICACIÓN DECIMAL UNIVERSAL
Número de la Clasificación Decimal Universal 348.711.4(460)
100 1# - ENTRADA PRINCIPAL--NOMBRE DE PERSONA
Nombre de persona Mayáns y Siscar, Gregorio.
9 (RLIN) 79333
245 10 - MENCIÓN DEL TÍTULO
Título Observaciones legales, históricas y críticas sobre el Concordato celebrado entre Benedicto XIV y el rey católico D. Fernando VI en 20 de febrero de 1753 uno de los principales que rigen hoy las relaciones entre el Estado y la Iglesia /
Mención de responsabilidad, etc. por Gregorio Mayans y Siscar.
260 ## - PUBLICACIÓN, DISTRIBUCIÓN, ETC.
Lugar de publicación, distribución, etc. Madrid :
Nombre del editor, distribuidor, etc. [s.n.],
Fecha de publicación, distribución, etc. 1847 (
Fabricante Establecimiento Tipográfico de Ramón Rodríguez de Rivera)
300 ## - DESCRIPCIÓN FÍSICA
Extensión 284 p. ;
Dimensiones 22 cm.
490 1# - MENCIÓN DE SERIE
Mención de serie Biblioteca de Jurisprudencia y Legislación
597 ## - NOTA DE DESCRIPCIÓN FÍSICA
NOTA DE DESCRIPCIÓN FÍSICA Encuadernado con otra obra.
650 #4 - PUNTO DE ACCESO ADICIONAL DE MATERIA--TÉRMINO DE MATERIA
Término de materia o nombre geográfico como elemento de entrada Concordatos-
Subdivisión geográfica España-
Subdivisión cronológica S.XVIII.
9 (RLIN) 140388
650 #4 - PUNTO DE ACCESO ADICIONAL DE MATERIA--TÉRMINO DE MATERIA
Término de materia o nombre geográfico como elemento de entrada Iglesia y Estado-
Subdivisión geográfica España-
Subdivisión cronológica S.XVIII.
9 (RLIN) 140389
830 0# - PUNTO DE ACCESO ADICIONAL DE SERIE-TÍTULO UNIFORME
Título uniforme Biblioteca de Jurisprudencia y Legislación
9 (RLIN) 187709
852 ## - LOCALIZACIÓN
Ubicación ES-MaACL
Número de control de estantería C-3439(1)
Nota libre -- Enc. hol.
852 ## - LOCALIZACIÓN
Ubicación ES-MaACL
Número de control de estantería E-13123(1)
Nota libre -- Enc. hol.
Holdings
Estatus retirado Estado de pérdida Estado de daño No para préstamo Colección Biblioteca de origen Biblioteca actual Ubicación en estantería Fecha de adquisición Total de préstamos Signatura topográfica completa Código de barras Visto por última vez Precio de reemplazo Tipo de ítem Koha Fuente de adquisición
        Libros del s. XIX Biblioteca del Ateneo de Madrid Biblioteca del Ateneo de Madrid Depósito 2 17/01/2008   E-13123(1) 1166686 23/02/2023 23/02/2023 Libro impreso antiguo  
        Libros del s. XIX Biblioteca del Ateneo de Madrid Biblioteca del Ateneo de Madrid Sala Palomar 17/01/2008   C-3439(1) 1166685 23/02/2023 23/02/2023 Libro impreso antiguo